000 00325nam a2200145Ia 4500
005 20251222153629.0
008 251222s9999||||xx |||||||||||||| ||spa||
020 _a842723421X
082 _a818.5/B65
100 _aBlyton, Enid
245 0 _aMisterio del Vagabundo
250 _a1ra.ed.
264 _bMolino
942 _cLIB
999 _c32306
_d32306